[Event "2.BLW 1617 Hansa Dortmund - SG Bochum"]
[Site "?"]
[Date "2017.03.19"]
[Round "7.4"]
[White "Pap, Misa"]
[Black "Hengelbrock, Joachim"]
[Result "1-0"]
[WhiteElo "2482"]
[BlackElo "2310"]
[PlyCount "161"]
[EventDate "2017.??.??"]

1. e4 c6 2. d4 d5 3. Nd2 dxe4 4. Nxe4 Nd7 5. Ng5 Ngf6 6. Bd3 Qc7 7. Qe2 h6 8.
N5f3 c5 9. dxc5 Nxc5 10. Bc4 Nce4 11. Bb5+ Bd7 12. Bxd7+ Qxd7 13. Ne5 Qd5 14.
Ngf3 Qa5+ 15. c3 e6 16. O-O Be7 17. Rd1 O-O 18. Rd4 Rad8 19. Rxe4 Nxe4 20. Qxe4
Rd1+ 21. Ne1 Qd5 22. Qe2 Rd8 23. g3 b5 24. N5f3 Bf6 25. h3 b4 26. c4 Qc6 27.
Kh2 a5 28. Nc2 R8d7 29. Ne3 R7d2 30. Bxd2 Rxa1 31. Ng4 Bxb2 32. Bxb4 Qa4 33.
Bxa5 Rxa2 34. Be1 Bc3 35. Qf1 Ra1 36. Ne3 Qa2 37. Kg2 e5 38. Bxc3 Rxf1 39. Kxf1
f6 40. g4 Kf7 41. Nd2 Ke6 42. Kg2 g6 43. Ne4 Qb1 44. Ng3 Qd3 45. Bb4 Kf7 46.
Kf3 Qb3 47. Be1 Qd3 48. Bb4 Qb3 49. Bd6 Qb7+ 50. Ne4 Ke6 51. Nd5 Qb3+ 52. Kg2
Qxc4 53. Ndxf6 Qc8 54. Bc5 Qa8 55. f3 Qc8 56. h4 Qa8 57. Be3 Qh8 58. Kh3 h5 59.
gxh5 gxh5 60. Bg5 Qf8 61. Kg2 Qf7 62. Ng3 Qa7 63. Ngxh5 Qa2+ 64. Kg3 Qb1 65.
Ne4 Kf5 66. Kg2 Qc2+ 67. Bd2 Qd1 68. Nhg3+ Kg6 69. h5+ Kh7 70. Kh3 Qc2 71. Nf5
Qd1 72. Kg4 Qg1+ 73. Nfg3 Qd1 74. Be3 Qd7+ 75. Nf5 Qd1 76. Ng5+ Kg8 77. h6 Qa4+
78. Ne4 Qd1 79. Nf6+ Kh8 80. Nh4 Qd3 81. Kh5 1-0

[Event "2.BLW 1617 Hansa Dortmund - SG Bochum"]
[Site "?"]
[Date "2017.03.19"]
[Round "7.5"]
[White "Werthebach, Felix"]
[Black "Kalka, Arkadius Georg"]
[Result "1/2-1/2"]
[WhiteElo "2144"]
[BlackElo "2334"]
[PlyCount "100"]
[EventDate "2017.??.??"]

1. c4 c5 2. g3 Nf6 3. Nc3 d5 4. cxd5 Nxd5 5. Bg2 Nc7 6. d3 e5 7. Be3 Be7 8. Rc1
Nd7 9. Nf3 b6 10. Nh4 Rb8 11. Nf5 O-O 12. Qa4 a6 13. Qg4 g6 14. Bh6 Re8 15.
Nxe7+ Qxe7 16. h4 Nf6 17. Qf3 Ne6 18. Bg5 Nxg5 19. hxg5 Ng4 20. Ne4 Bf5 21. Rc4
Bxe4 22. Qxe4 b5 23. Rc2 Qxg5 24. Rxc5 Rbc8 25. Rxc8 Rxc8 26. O-O Kg7 27. Bf3
h5 28. a4 Rc1 29. axb5 axb5 30. Bxg4 hxg4 31. e3 Rc2 32. d4 Rc4 33. Rd1 exd4
34. exd4 Rc1 35. Rxc1 Qxc1+ 36. Kg2 Qxb2 37. Qxg4 b4 38. Qe4 Qc3 39. Qe5+ Kh7
40. Qd5 Qc7 41. Qb5 Qe7 42. d5 Qe4+ 43. Kg1 Qd4 44. Qb8 Qd1+ 45. Kh2 b3 46. d6
Qc2 47. Qb6 b2 48. d7 b1=Q 49. Qxb1 Qxb1 50. d8=Q Qb2 1/2-1/2

[Event "2.BLW 1617 Hansa Dortmund - SG Bochum"]
[Site "?"]
[Date "2017.03.19"]
[Round "7.6"]
[White "Ackermann, Hans Werner"]
[Black "Tkachuk, Konstantyn"]
[Result "1/2-1/2"]
[WhiteElo "2309"]
[BlackElo "2270"]
[PlyCount "166"]
[EventDate "2017.??.??"]

1. Nf3 g6 2. d4 Nf6 3. Bf4 Bg7 4. c3 d6 5. h3 Nbd7 6. Nbd2 O-O 7. e4 e5 8. dxe5
dxe5 9. Be3 Qe7 10. Qc2 b6 11. Be2 Bb7 12. O-O Nc5 13. Bxc5 Qxc5 14. b4 Qe7 15.
Rfe1 Rad8 16. Bf1 Nh5 17. a4 c5 18. Qb3 Nf4 19. a5 cxb4 20. Qxb4 Qxb4 21. cxb4
Nd3 22. Bxd3 Rxd3 23. axb6 axb6 24. Ra7 Bc6 25. Nc4 Re8 26. Rc7 b5 27. Rxc6
bxc4 28. Rxc4 Rb3 29. Rd1 Bf8 30. Rd7 Rxb4 31. Rxb4 Bxb4 32. g4 f6 33. Kg2 Re7
34. Rd8+ Kf7 35. h4 Ba3 36. Rc8 Bd6 37. Rc6 Ba3 38. g5 Re6 39. gxf6 h6 40. Rc7+
Kxf6 41. Nh2 h5 42. Nf1 Re7 43. Rc8 Bb2 44. Ne3 Ra7 45. Nd5+ Kf7 46. Rc7+ Rxc7
47. Nxc7 Ba3 48. Nd5 Bc1 49. Nb4 Bd2 50. Nd3 Ke6 51. Kf3 Ba5 52. Kg3 Bd8 53.
Ne1 Ba5 54. Nf3 Bd8 55. Ne1 Ba5 56. Nd3 Bd2 57. Kf3 Ba5 58. Nc5+ Kf7 59. Kg3
Bd8 60. Kh3 Bb6 61. Nd3 Kf6 62. Kg3 Ba5 63. Kf3 Ke6 64. Kg2 Bd2 65. Kg3 Ba5 66.
f4 exf4+ 67. Nxf4+ Kf6 68. Kf3 Be1 69. Ng2 Bd2 70. Ke2 Bh6 71. Kf3 Bd2 72. Nf4
Be1 73. Ng2 Bd2 74. Kf2 Ke5 75. Kf3 Kf6 76. Ke2 Bh6 77. Ne3 Bxe3 78. Kxe3 g5
79. hxg5+ Kxg5 80. Kf3 Kf6 81. Kf4 Ke6 82. Kg5 Ke5 83. Kxh5 Kxe4 1/2-1/2

[Event "2.BLW 1617 Hansa Dortmund - SG Bochum"]
[Site "?"]
[Date "2017.03.19"]
[Round "7.7"]
[White "Baltic, Fatih"]
[Black "Kotter, Ralf"]
[Result "1/2-1/2"]
[WhiteElo "2258"]
[BlackElo "2377"]
[PlyCount "80"]
[EventDate "2017.??.??"]

1. e4 c5 2. Nf3 e6 3. d4 cxd4 4. Nxd4 a6 5. Bd3 Bc5 6. Nb3 Be7 7. Qg4 g6 8. Qe2
d6 9. c4 Qc7 10. Nc3 b6 11. Be3 Nd7 12. f4 Ngf6 13. O-O Bb7 14. Rae1 Rc8 15.
Bd4 e5 16. Nd5 Nxd5 17. exd5 O-O 18. Bc3 Bh4 19. g3 Bf6 20. Nd2 exf4 21. Bxf6
Nxf6 22. Rxf4 Rce8 23. Qf2 Rxe1+ 24. Qxe1 Nd7 25. Ne4 Ne5 26. Nf6+ Kg7 27. Be2
b5 28. b3 bxc4 29. Bxc4 a5 30. Qe3 h5 31. Rf2 Bc8 32. Kg2 a4 33. Qg5 Rh8 34. h3
axb3 35. Bxb3 Ba6 36. Ne4 Qd8 37. Nf6 Qc7 38. Ne4 Qd8 39. Nf6 Qb8 40. Ne4 Qd8
1/2-1/2

[Event "2.BLW 1617 Hansa Dortmund - SG Bochum"]
[Site "?"]
[Date "2017.03.19"]
[Round "7.8"]
[White "Sundorf, Jannik"]
[Black "Koellner, Ruben Gideon"]
[Result "1/2-1/2"]
[WhiteElo "2186"]
[BlackElo "2165"]
[PlyCount "31"]
[EventDate "2017.??.??"]

1. d4 d6 2. Nf3 Nf6 3. c4 Bf5 4. Nc3 g6 5. Qb3 Qc8 6. g3 Bg7 7. Bg2 c6 8. O-O
O-O 9. Re1 Bg4 10. e4 Bxf3 11. Bxf3 e5 12. Be3 Nbd7 13. Rad1 Qc7 14. Be2 Rfe8
15. Qc2 Nf8 16. d5 1/2-1/2

[Event "2.BLW 1617 SV Würselen - SG Solingen"]
[Site "?"]
[Date "2017.03.19"]
[Round "7.1"]
[White "Handke, Florian"]
[Black "Chatalbashev, Boris"]
[Result "1-0"]
[WhiteElo "2522"]
[BlackElo "2550"]
[PlyCount "65"]
[EventDate "2017.??.??"]

1. e4 d6 2. d4 Nf6 3. Nc3 g6 4. Bg5 c6 5. Qd2 b5 6. Bd3 Bg7 7. Bh6 Bxh6 8. Qxh6
Qa5 9. Nf3 b4 10. Ne2 Bg4 11. Ng5 Bxe2 12. Bxe2 Nbd7 13. O-O Qb6 14. Rad1 Rf8
15. Qg7 h5 16. e5 dxe5 17. Bc4 O-O-O 18. Nxf7 Rg8 19. Qh6 exd4 20. Nxd8 Rxd8
21. Be6 c5 22. Rfe1 Qd6 23. Qxg6 Kc7 24. Bxd7 Rxd7 25. Qf5 Nd5 26. Re6 Qf4 27.
Qxh5 Rd6 28. g3 Qf8 29. Qe5 Qf7 30. Re1 Kd7 31. Rxd6+ exd6 32. Qe4 Nc7 33. h4
1-0

[Event "2.BLW 1617 SV Würselen - SG Solingen"]
[Site "?"]
[Date "2017.03.19"]
[Round "7.2"]
[White "Fridman, Rafael"]
[Black "Wegerle, Joerg"]
[Result "1/2-1/2"]
[WhiteElo "2466"]
[BlackElo "2438"]
[PlyCount "38"]
[EventDate "2017.??.??"]

1. Nf3 d5 2. g3 Nf6 3. Bg2 c6 4. b3 Bg4 5. Bb2 Nbd7 6. c4 e6 7. O-O Bd6 8. d4
Qb8 9. Nbd2 O-O 10. Re1 Re8 11. a3 a5 12. e4 dxe4 13. Nxe4 Nxe4 14. Rxe4 Bh5
15. Qd2 Qc7 16. Rae1 Rad8 17. Qc3 Bg6 18. R4e3 Be7 19. Qc1 Bf6 {(=)} 1/2-1/2

[Event "2.BLW 1617 SV Würselen - SG Solingen"]
[Site "?"]
[Date "2017.03.19"]
[Round "7.3"]
[White "Schroeder, Kevin"]
[Black "Geiernaert, Steven"]
[Result "1/2-1/2"]
[WhiteElo "2341"]
[BlackElo "2445"]
[PlyCount "91"]
[EventDate "2017.??.??"]

1. d4 Nf6 2. Bg5 c5 3. d5 Ne4 4. Bf4 e6 5. Nd2 Qf6 6. Nxe4 Qxf4 7. Nc3 a6 8. g3
Qc7 9. a4 b6 10. Bg2 Bb7 11. Nf3 Be7 12. Qd3 O-O 13. h4 c4 14. Qd2 Bb4 15. Nd4
Bxd5 16. Bxd5 exd5 17. O-O Nc6 18. Nf3 Bc5 19. e3 d4 20. exd4 Bd6 21. Nd5 Qb7
22. Ne3 Ne7 23. Nxc4 Qxf3 24. Nxd6 Qd5 25. Ne4 Nc6 26. Nc3 Qxd4 27. Rfd1 Qxd2
28. Rxd2 Ne5 29. Rd5 Rfe8 30. Kg2 Kf8 31. Re1 Nc4 32. Rxe8+ Kxe8 33. b3 Na3 34.
Rh5 f6 35. Nd5 Rb8 36. Nc7+ Kf7 37. Rd5 Rb7 38. Rxd7+ Kg6 39. c4 a5 40. Ne6
Rxd7 41. Nf8+ Kf5 42. Nxd7 Nc2 43. c5 bxc5 44. Nxc5 Nd4 45. f3 Ke5 46. b4 {(=)}
1/2-1/2

[Event "2.BLW 1617 SV Würselen - SG Solingen"]
[Site "?"]
[Date "2017.03.19"]
[Round "7.4"]
[White "Klyuner, Vyacheslav"]
[Black "Schaefer, Markus"]
[Result "1-0"]
[WhiteElo "2439"]
[BlackElo "2399"]
[PlyCount "85"]
[EventDate "2017.??.??"]

1. e4 e6 2. d3 d5 3. Nd2 Nf6 4. Ngf3 Bc5 5. e5 Nfd7 6. d4 Bb6 7. c4 c5 8. dxc5
Nxc5 9. b4 Ne4 10. c5 Bc7 11. Bb2 Nc6 12. b5 Nxd2 13. Qxd2 d4 14. Qf4 Ba5+ 15.
Kd1 Ne7 16. Qxd4 O-O 17. Bd3 Qxd4 18. Bxd4 Rd8 19. Kc2 Nd5 20. Kb3 Bd7 21. Rhd1
f6 22. exf6 gxf6 23. Bc4 Be8 24. Nd2 Bg6 25. f3 f5 26. Nf1 f4 27. Be5 Rac8 28.
Bxd5 Rxd5 29. Rxd5 exd5 30. Rc1 Bd3 31. Ka4 Bc7 32. Bxc7 Rxc7 33. Nd2 a6 34. b6
Re7 35. Kb4 Bb5 36. Nb3 Re2 37. Na5 d4 38. a4 Be8 39. Rd1 Rb2+ 40. Ka3 Rc2 41.
Nxb7 Bf7 42. Rxd4 Kg7 43. Kb4 1-0

[Event "2.BLW 1617 SV Würselen - SG Solingen"]
[Site "?"]
[Date "2017.03.19"]
[Round "7.5"]
[White "Schlecht, Daniel"]
[Black "Hovhannisyan, Mher"]
[Result "1/2-1/2"]
[WhiteElo "2376"]
[BlackElo "2458"]
[PlyCount "21"]
[EventDate "2017.??.??"]

1. d4 d5 2. c4 c6 3. Nf3 Nf6 4. e3 a6 5. Bd3 Bg4 6. O-O e6 7. Nbd2 Nbd7 8. b3
Bd6 9. Qc2 Qb8 10. Bb2 O-O 11. h3 {(=)} 1/2-1/2

[Event "2.BLW 1617 SV Würselen - SG Solingen"]
[Site "?"]
[Date "2017.03.19"]
[Round "7.6"]
[White "Cekro, Ekrem"]
[Black "Hobusch, Jan"]
[Result "1-0"]
[WhiteElo "2404"]
[BlackElo "2216"]
[PlyCount "43"]
[EventDate "2017.??.??"]

1. c4 c6 2. b3 d5 3. Bb2 Nf6 4. Nf3 Bf5 5. g3 e6 6. Bg2 h6 7. O-O Nbd7 8. d3
Bc5 9. Nc3 O-O 10. Qc2 Bh7 11. e4 dxe4 12. dxe4 Qe7 13. Rad1 Rfd8 14. Qe2 a5
15. e5 Ne8 16. Na4 Ba7 17. Nd4 Nc5 18. Ba3 Nc7 19. Qe1 Qf8 20. Qxa5 Rxd4 21.
Rxd4 Nxb3 22. Qxc7 1-0

[Event "2.BLW 1617 SV Würselen - SG Solingen"]
[Site "?"]
[Date "2017.03.19"]
[Round "7.7"]
[White "Michalczak, Thomas"]
[Black "Docx, Stefan"]
[Result "0-1"]
[WhiteElo "2251"]
[BlackElo "2405"]
[PlyCount "106"]
[EventDate "2017.??.??"]

1. e4 e5 2. Nf3 Nc6 3. Bb5 a6 4. Ba4 Nf6 5. O-O b5 6. Bb3 Bb7 7. d3 Be7 8. Nbd2
O-O 9. Re1 h6 10. Nf1 Re8 11. Ne3 Bf8 12. Bd2 d6 13. c4 Qd7 14. Rc1 Ne7 15. Nh4
c6 16. Ba5 g6 17. d4 exd4 18. Qxd4 Bg7 19. Qd3 c5 20. f3 Nc6 21. Bc3 b4 22. Bd2
Qd8 23. g3 Nd4 24. Ba4 Nd7 25. Ng4 Ne5 26. Nxe5 Rxe5 27. Rcd1 g5 28. f4 Re6 29.
Nf5 Nxf5 30. exf5 Bd4+ 31. Kf1 Rxe1+ 32. Rxe1 Qf6 33. fxg5 hxg5 34. h4 gxh4 35.
g4 Bxb2 36. Qe3 Be5 37. Bc2 Bg3 38. Re2 Bc6 39. g5 Qe5 40. Qd3 Qa1+ 41. Bb1 Qd4
42. Qxd4 cxd4 43. Be4 d3 44. Bxd3 a5 45. Be4 Bxe4 46. Rxe4 Rb8 47. Bf4 Bxf4 48.
Rxf4 a4 49. Rf2 Rc8 50. Rc2 Rc5 51. f6 Rxg5 52. Rb2 h3 53. Rh2 Rg3 0-1

[Event "2.BLW 1617 SV Würselen - SG Solingen"]
[Site "?"]
[Date "2017.03.19"]
[Round "7.8"]
[White "Beukema, Stefan"]
[Black "Berg, Michael"]
[Result "1-0"]
[WhiteElo "2389"]
[BlackElo "2308"]
[PlyCount "93"]
[EventDate "2017.??.??"]

1. e4 c6 2. Nc3 d5 3. d4 dxe4 4. Nxe4 Bf5 5. Ng3 Bg6 6. h4 h6 7. Nf3 Nd7 8. h5
Bh7 9. Bd3 Bxd3 10. Qxd3 e6 11. Bd2 Qc7 12. O-O-O O-O-O 13. Qe2 Ngf6 14. Ne5
Nb6 15. Ba5 Rd5 16. b4 Rxa5 17. bxa5 Ba3+ 18. Kb1 Na4 19. Qf3 Bb4 20. Ne2 Qxa5
21. Rh3 Nd5 22. Qb3 f6 23. Nc4 Qa6 24. c3 b5 25. Nb2 Bd6 26. c4 Nxb2 27. cxb5
cxb5 28. Kxb2 Kd7 29. Nc3 Nf4 30. Re3 b4 31. Na4 Rd8 32. Nc5+ Bxc5 33. dxc5+
Ke7 34. g3 Nd5 35. Rxd5 Qa3+ 36. Qxa3 bxa3+ 37. Kxa3 Rxd5 38. Kb4 e5 39. Rc3
Rd7 40. Kb5 Rc7 41. c6 f5 42. Kc5 Ke6 43. Rb3 g6 44. Rb7 Rc8 45. hxg6 f4 46.
gxf4 exf4 47. Rf7 1-0

[Event "2.BLW 1617 Düsseldorfer SK - SV Mülheim"]
[Site "?"]
[Date "2017.03.19"]
[Round "7.1"]
[White "Zwirs, Nico"]
[Black "Kohlweyer, Bernd"]
[Result "0-1"]
[WhiteElo "2402"]
[BlackElo "2320"]
[PlyCount "84"]
[EventDate "2017.??.??"]

1. Nf3 Nf6 2. c4 e6 3. Nc3 d5 4. d4 dxc4 5. e3 a6 6. Bxc4 b5 7. Bd3 Bb7 8. O-O
c5 9. Qe2 Nbd7 10. Rd1 Qb8 11. a3 Bd6 12. dxc5 Nxc5 13. Bc2 O-O 14. e4 Ncd7 15.
Bg5 Ng4 16. h3 Nge5 17. Nxe5 Nxe5 18. Qh5 Ng6 19. Rd2 Be5 20. Rad1 Qc7 21. Qf3
Bc6 22. g3 Qb7 23. Qe2 Rac8 24. Bb1 h6 25. Be3 Bxc3 26. bxc3 Bxe4 27. Rd7 Qa8
28. Ra7 Qc6 29. Bxe4 Qxe4 30. Qd3 Qa4 31. Qe2 Rxc3 32. Rd6 Qe4 33. Kh2 Ne5 34.
g4 Rc2 35. Qd1 Nc4 36. Rd8 Nxe3 37. Rxf8+ Kh7 38. Qg1 Qf4+ 39. Kh1 Qf3+ 40. Kh2
Rxf2+ 41. Qxf2 Qxf2+ 42. Kh1 Qg2# 0-1

[Event "2.BLW 1617 Düsseldorfer SK - SV Mülheim"]
[Site "?"]
[Date "2017.03.19"]
[Round "7.2"]
[White "Schuh, Dirk"]
[Black "Rezasade, Amir"]
[Result "1/2-1/2"]
[WhiteElo "2368"]
[BlackElo "2320"]
[PlyCount "77"]
[EventDate "2017.??.??"]

1. d4 d5 2. Bf4 e6 3. e3 Bd6 4. Bg3 Bxg3 5. hxg3 Qd6 6. c3 Nd7 7. Nf3 Ngf6 8.
Nbd2 e5 9. dxe5 Nxe5 10. Nxe5 Qxe5 11. Qg4 Bd7 12. Qf4 Qxf4 13. gxf4 O-O-O 14.
Nf3 Be6 15. Bd3 h6 16. Nd4 c5 17. Nxe6 fxe6 18. f3 Rhe8 19. g4 e5 20. g5 hxg5
21. fxg5 Nd7 22. Rh7 Re7 23. Bf5 Kc7 24. Ke2 Nb6 25. b3 Rf8 26. Bg6 d4 27. c4
Nc8 28. Rah1 Nd6 29. Rh8 Rxh8 30. Rxh8 Nf7 31. Bxf7 Rxf7 32. Rg8 Kd6 33. g6 Rd7
34. Kd3 Ke6 35. Rf8 Ke7 36. Rf7+ Ke6 37. Rf8 Ke7 38. Rf5 Ke6 39. Rf8 {(=)}
1/2-1/2

[Event "2.BLW 1617 Düsseldorfer SK - SV Mülheim"]
[Site "?"]
[Date "2017.03.19"]
[Round "7.3"]
[White "Buckels, Valentin"]
[Black "Stark, Lars"]
[Result "0-1"]
[WhiteElo "2300"]
[BlackElo "2401"]
[PlyCount "116"]
[EventDate "2017.??.??"]

1. d4 Nf6 2. c4 e6 3. g3 c5 4. d5 exd5 5. cxd5 g6 6. Nc3 Bg7 7. Bg2 O-O 8. Nf3
d6 9. O-O Re8 10. Bf4 h6 11. Qc1 Kh7 12. Re1 Na6 13. e4 Nh5 14. Nb5 Bf8 15. e5
Nb4 16. Qd2 Nxf4 17. Qxf4 Bf5 18. Red1 dxe5 19. Nxe5 Qe7 20. Nc4 Nd3 21. Qc7
Qf6 22. Rd2 Re7 23. Qa5 Rae8 24. Ne3 Nxb2 25. Qc3 Qxc3 26. Nxc3 Bg7 27. Rc1 Nd3
28. Rcc2 Nb4 29. Rc1 Bd4 30. Ncd1 Nd3 31. Rcc2 Ne1 32. Nxf5 gxf5 33. Rc1 Nxg2
34. Kxg2 Re2 35. Rcc2 Rxd2 36. Rxd2 Kg6 37. Kf3 Kf6 38. a4 b6 39. Kf4 Re4+ 40.
Kf3 Ke7 41. h3 h5 42. Kg2 Kd6 43. f4 Re1 44. Kf3 Rg1 45. Rd3 Re1 46. Rd2 a6 47.
Nb2 Re3+ 48. Kg2 Kxd5 49. Nd3 f6 50. Nc1 b5 51. axb5 axb5 52. Ne2 b4 53. Nxd4
cxd4 54. Rc2 Re6 55. Kf2 b3 56. Rc1 Rc6 57. Ra1 b2 58. Rb1 Rc2+ 0-1

[Event "2.BLW 1617 Düsseldorfer SK - SV Mülheim"]
[Site "?"]
[Date "2017.03.19"]
[Round "7.4"]
[White "de Gleria, Francesco"]
[Black "Nabuurs, Joep"]
[Result "1-0"]
[WhiteElo "2381"]
[BlackElo "2317"]
[PlyCount "59"]
[EventDate "2017.??.??"]

1. e4 c5 2. Nf3 d6 3. d4 cxd4 4. Nxd4 Nf6 5. Nc3 a6 6. Be2 e5 7. Nb3 Be7 8. O-O
O-O 9. Qd3 b6 10. Bg5 Ra7 11. Bxf6 Bxf6 12. Rfd1 Be7 13. Nd5 Bg5 14. Nd2 Nd7
15. Nc4 Nc5 16. Qa3 Rb7 17. Nc3 b5 18. Nxd6 Qb6 19. Nxb7 Bxb7 20. Qb4 Be7 21.
Nd5 Bxd5 22. exd5 Nd3 23. Qxe7 Nxf2 24. Kf1 Ne4 25. Qh4 f5 26. d6 f4 27. Bf3
Ng3+ 28. hxg3 e4 29. gxf4 exf3 30. gxf3 1-0

[Event "2.BLW 1617 Düsseldorfer SK - SV Mülheim"]
[Site "?"]
[Date "2017.03.19"]
[Round "7.5"]
[White "Kahleys, Kevin"]
[Black "Coenen, Michael"]
[Result "0-1"]
[WhiteElo "2205"]
[BlackElo "2379"]
[PlyCount "108"]
[EventDate "2017.??.??"]

1. d4 e6 2. Nf3 c5 3. c3 Nf6 4. Bf4 b6 5. h3 Bb7 6. e3 Be7 7. Be2 O-O 8. O-O d6
9. a4 a6 10. Nbd2 cxd4 11. exd4 Nbd7 12. Bh2 Re8 13. Qb3 Qc7 14. Rfc1 Rac8 15.
Qa2 Qb8 16. b4 Qa8 17. Qb2 d5 18. Bf1 Bd8 19. Bf4 Bc7 20. Be3 Qb8 21. Bd3 Ne4
22. c4 f5 23. Nf1 dxc4 24. Bxc4 Ndf6 25. Ne5 Nd5 26. f3 Nd6 27. Ba2 Nf7 28. f4
Bd6 29. Bd2 Bf8 30. Rxc8 Rxc8 31. Rc1 Be7 32. Ne3 Rxc1+ 33. Bxc1 Qd6 34. Bd2
Nxe3 35. Bxe3 Bd5 36. Bxd5 Qxd5 37. Qc3 Nxe5 38. dxe5 Qd1+ 39. Kh2 Qxa4 40. Qc7
Qxb4 41. Bxb6 Qxf4+ 42. g3 Qd2+ 43. Kg1 Kf7 44. h4 f4 45. Bf2 Qd1+ 46. Kh2 Qf1
47. Qc2 f3 48. Bb6 h5 49. Qd2 Qe2+ 50. Qxe2 fxe2 51. Ba5 Bc5 52. Kg2 Bd4 53.
Kf3 Kg6 54. g4 hxg4+ 0-1

[Event "2.BLW 1617 Düsseldorfer SK - SV Mülheim"]
[Site "?"]
[Date "2017.03.19"]
[Round "7.6"]
[White "Miedema, David"]
[Black "van Osch, Mees"]
[Result "1/2-1/2"]
[WhiteElo "2362"]
[BlackElo "2309"]
[PlyCount "75"]
[EventDate "2017.??.??"]

1. d4 Nf6 2. c4 g6 3. f3 Bg7 4. e4 d6 5. Nc3 O-O 6. Be3 c5 7. dxc5 dxc5 8. Qxd8
Rxd8 9. Bxc5 Nc6 10. Nge2 Nd7 11. Be3 Nde5 12. Nf4 Na5 13. Ncd5 Nexc4 14. Bc5
e6 15. Be7 Bxb2 16. Rb1 Rd7 17. Nf6+ Bxf6 18. Bxf6 b6 19. Bd3 Bb7 20. Ke2 e5
21. Nd5 Bxd5 22. exd5 Rxd5 23. Rhd1 Rd6 24. Be4 Re8 25. Rxd6 Nxd6 26. Bd5 Rc8
27. Rd1 Nb5 28. Kf2 Nc3 29. Rd3 Nxd5 30. Rxd5 Nc4 31. g4 g5 32. Bxg5 Kg7 33. h4
Rc6 34. Be7 Rc7 35. Bd8 Rc6 36. Be7 Rc7 37. Bd8 Rc6 38. Be7 1/2-1/2

[Event "2.BLW 1617 Düsseldorfer SK - SV Mülheim"]
[Site "?"]
[Date "2017.03.19"]
[Round "7.7"]
[White "Bus, Tom"]
[Black "Harff, Marcel"]
[Result "1/2-1/2"]
[WhiteElo "2182"]
[BlackElo "2362"]
[PlyCount "49"]
[EventDate "2017.??.??"]

1. d4 e6 2. c4 Nf6 3. g3 d5 4. Bg2 dxc4 5. Nf3 Nbd7 6. Qc2 Rb8 7. a4 a6 8. Qxc4
b5 9. axb5 axb5 10. Qc2 Bb7 11. O-O Bd6 12. Bf4 O-O 13. Rc1 Be4 14. Qd2 Nd5 15.
Bxd6 cxd6 16. Nc3 Nxc3 17. Qxc3 Nb6 18. Nd2 Bxg2 19. Kxg2 Rc8 20. Qa5 Nc4 21.
Qxd8 Rfxd8 22. Ne4 d5 23. Nc5 Nxb2 24. Rcb1 Nc4 25. Rxb5 {(=)} 1/2-1/2

[Event "2.BLW 1617 Düsseldorfer SK - SV Mülheim"]
[Site "?"]
[Date "2017.03.19"]
[Round "7.8"]
[White "Hainke, Guntram"]
[Black "Nachbar, Benjamin"]
[Result "1-0"]
[WhiteElo "2290"]
[BlackElo "2144"]
[PlyCount "91"]
[EventDate "2017.??.??"]

1. d4 b6 2. e4 Bb7 3. Bd3 g6 4. Nf3 Bg7 5. O-O d6 6. c4 Nc6 7. Bc2 Nf6 8. d5
Ne5 9. Nxe5 dxe5 10. Ba4+ Nd7 11. Nc3 O-O 12. Be3 Qc8 13. b4 c6 14. Rc1 Nf6 15.
dxc6 Bxc6 16. Nd5 Re8 17. f3 e6 18. Bxc6 Qxc6 19. b5 Qb7 20. Nb4 Rad8 21. Qe2
Nd7 22. Nc6 Ra8 23. Rfd1 Nb8 24. Nb4 Bf8 25. Nd3 Nd7 26. Qb2 f6 27. Nb4 Bc5 28.
Bxc5 Nxc5 29. Nc6 a6 30. Rd2 axb5 31. cxb5 Rec8 32. Rcd1 Rc7 33. Rd8+ Kg7 34.
Nxe5 Na4 35. Qb4 Nc5 36. Nc6 Rxa2 37. Rb8 Rd7 38. Qb1 Rxd1+ 39. Qxd1 Qc7 40. e5
fxe5 41. Re8 Kh6 42. Re7 Qc8 43. Qc1+ g5 44. Qb1 Qh8 45. Qxa2 e4 46. Rxe6+ 1-0

[Event "2.BLW 1617 Aachener SV - SV Hofheim"]
[Site "?"]
[Date "2017.03.19"]
[Round "7.1"]
[White "Schroeder, Jan-Christian"]
[Black "Seel, Christian"]
[Result "1/2-1/2"]
[WhiteElo "2543"]
[BlackElo "2471"]
[PlyCount "119"]
[EventDate "2017.??.??"]

1. e4 e5 2. Nf3 d6 3. d4 exd4 4. Nxd4 Nf6 5. Nc3 Be7 6. Bf4 O-O 7. Qd2 d5 8.
Ndb5 Bb4 9. O-O-O c6 10. Nc7 Nxe4 11. Qd4 Nxc3 12. bxc3 Ba3+ 13. Kb1 Na6 14.
Bxa6 bxa6 15. Nxa8 Qa5 16. Ka1 c5 17. Qd2 d4 18. Bc7 Qa4 19. cxd4 Bg4 20. f3
Bf5 21. Qa5 Bxc2 22. Qxa4 Bxa4 23. Rd3 Bb4 24. Rc1 Bb5 25. Rb3 Ba4 26. dxc5
Bxb3 27. axb3 Rxa8 28. Bg3 Rc8 29. c6 Ba5 30. Kb2 Kf8 31. Rc4 Ke7 32. Ka3 Bb6
33. Ka4 Ke6 34. Rc2 Kd5 35. Rd2+ Ke6 36. Rd6+ Ke7 37. b4 Ke8 38. b5 axb5+ 39.
Kxb5 Rb8 40. Rd7 Bc7+ 41. Kc5 Bxg3 42. hxg3 Rb2 43. Rxa7 Rxg2 44. Ra8+ Ke7 45.
c7 Rc2+ 46. Kb6 Rb2+ 47. Kc6 Rc2+ 48. Kb7 Rb2+ 49. Kc8 Rb3 50. Ra7 Kf6 51. Rb7
Rxf3 52. Kb8 Rc3 53. c8=Q Rxc8+ 54. Kxc8 h5 55. Kd8 g5 56. Ke8 Kf5 57. Kxf7 h4
58. Rb3 Kg4 59. gxh4 gxh4 60. Kg6 1/2-1/2

[Event "2.BLW 1617 Aachener SV - SV Hofheim"]
[Site "?"]
[Date "2017.03.19"]
[Round "7.2"]
[White "Koch, Thomas"]
[Black "Ginsburg, Gennadi"]
[Result "1-0"]
[WhiteElo "2474"]
[BlackElo "2473"]
[PlyCount "109"]
[EventDate "2017.??.??"]

1. d4 Nf6 2. c4 g6 3. Nc3 Bg7 4. e4 d6 5. Be2 O-O 6. Nf3 e5 7. O-O Na6 8. Re1
Qe8 9. Bf1 Bg4 10. d5 Nb4 11. Be2 a5 12. h3 Bd7 13. Bg5 Nh5 14. Rb1 h6 15. Be3
Nf4 16. Bf1 Na6 17. Kh2 g5 18. g3 Ng6 19. a3 a4 20. Bd3 Nc5 21. Bc2 b6 22. Kg2
Bf6 23. Nh2 Be7 24. Ng4 Kh7 25. Qf3 Rg8 26. Rh1 Qf8 27. Kf1 Nb3 28. Qd1 h5 29.
Nh2 Bxh3+ 30. Ke1 Kg7 31. Rg1 Bd7 32. f4 gxf4 33. gxf4 Bh4+ 34. Kf1 Bh3+ 35.
Ke2 exf4 36. Bxf4 Qe7 37. Be3 Bf6 38. Bxb3 axb3 39. Qxb3 Be5 40. Nf1 Bg4+ 41.
Kd3 f5 42. Nd2 Rae8 43. Rbf1 Rgf8 44. Kc2 f4 45. Bf2 Rf7 46. Nb5 Kh7 47. Nd4
Ref8 48. Rh1 Bxd4 49. Bxd4 f3 50. Rfg1 Kg8 51. Qe3 Rf4 52. Rh2 Nh4 53. Rf2 Ng2
54. Rgxg2 fxg2 55. Rxf4 1-0

[Event "2.BLW 1617 Aachener SV - SV Hofheim"]
[Site "?"]
[Date "2017.03.19"]
[Round "7.3"]
[White "Lobzhanidze, Davit"]
[Black "Vandenbussche, Thibaut"]
[Result "1/2-1/2"]
[WhiteElo "2430"]
[BlackElo "2374"]
[PlyCount "122"]
[EventDate "2017.??.??"]

1. e4 d6 2. d4 Nf6 3. Nc3 e5 4. Nf3 Nbd7 5. Bc4 Be7 6. O-O O-O 7. Re1 a6 8. a4
b6 9. Bg5 c6 10. Bxf6 Bxf6 11. d5 c5 12. Bf1 Bg5 13. Nxg5 Qxg5 14. Ra3 Nf6 15.
Nb1 Bd7 16. Qd2 Qh4 17. f3 b5 18. axb5 axb5 19. c3 Nh5 20. Rxa8 Rxa8 21. Na3
Rb8 22. Nc2 Qd8 23. Ra1 Ra8 24. Rxa8 Qxa8 25. Na3 Qa5 26. g3 h6 27. Qe2 Qb6 28.
Kg2 c4 29. Nc2 f5 30. exf5 Bxf5 31. Nb4 Nf6 32. Qf2 Qb7 33. Qd2 Bg6 34. Kg1 Bf7
35. f4 Qa7+ 36. Qf2 Qxf2+ 37. Kxf2 exf4 38. gxf4 Nxd5 39. Nxd5 Bxd5 40. Bh3 Bc6
41. Ke3 Kf7 42. Bg4 g5 43. fxg5 hxg5 44. Kd4 Kf6 45. Bh3 Ke7 46. Bg4 Bg2 47.
Bf5 Bf3 48. Bc8 Kd8 49. Bf5 Kc7 50. Be6 Kb6 51. Bf5 Ka5 52. Bc2 Kb6 53. Bf5 Kc6
54. Bc8 Kc7 55. Be6 Kd8 56. Bf5 Bc6 57. Bh3 Ke7 58. Bg4 Kf6 59. Bh3 Kg6 60. Bg4
Kh6 61. Bd1 Kg6 {(=)} 1/2-1/2

[Event "2.BLW 1617 Aachener SV - SV Hofheim"]
[Site "?"]
[Date "2017.03.19"]
[Round "7.4"]
[White "Piceu, Tom"]
[Black "Gurevich, Vladimir"]
[Result "1/2-1/2"]
[WhiteElo "2368"]
[BlackElo "2471"]
[PlyCount "50"]
[EventDate "2017.??.??"]

1. d4 Nf6 2. c4 e6 3. Nf3 b6 4. a3 Ba6 5. e3 d5 6. Ne5 Bd6 7. Qa4+ c6 8. Nc3
Qc8 9. f4 O-O 10. cxd5 Bxf1 11. Rxf1 exd5 12. Kf2 b5 13. Qc2 Nbd7 14. Kg1 Qb7
15. Qf5 Nb6 16. Rf3 Rac8 17. Bd2 Qe7 18. Re1 g6 19. Qd3 Ne4 20. Nxe4 dxe4 21.
Qxe4 f6 22. Rc1 fxe5 23. fxe5 Bb8 24. Rxc6 Rxc6 25. Qxc6 Rd8 {(=)} 1/2-1/2